| 000 | 00728nam a2200193Ia 4500 | ||
|---|---|---|---|
| 008 | 0000001990 ck a 0000000000spa00 | ||
| 090 | _aPSP00 M37v | ||
| 100 | 1 |
_aMira, Víctor _d1949 |
|
| 245 | 1 | 0 |
_aVíctor Mira _b: obra reciente |
| 300 |
_a[40] p. _c/ 29 cm. |
||
| 500 | _aExposición realizada en la Galería Fernando Quintana, Bogotá, JulioAgosto, 1990 \ Con el patronazgo del maestro venezolano Jesús Rafael Soto (q.e.p.d.) | ||
| 600 | 0 | 0 |
_aMIRA, VICTOR, 1949/ _xTRABAJOS PICTORICOS |
| 650 | 1 | 4 | _aARTE CONTEMPORANEO ESPAÑOL |
| 650 | 1 | 4 | _xCATALOGOS |
| 650 | 1 | 4 | _xEXPOSICIONES |
| 650 | 1 | 4 | _aPINTORES ESPAÑOLES |
| 650 | 1 | 4 | _aPINTURA ESPAÑOLA |
| 999 |
_c1545 _d1545 |
||
| 260 |
_aBogotá : Galería Fernando Quintana _c1990 |
||